Memoria que el Consejo Permanente de la misma remite al Iltre. Sr. Director de Administración, en cumplimiento de lo prevenido en la R. O. de 17 de enero de 1925
Descripción Física:
221 p. ; 27 cm
MARC
| LEADER | 00000nam a2200000Ia 4500 | ||
|---|---|---|---|
| 001 | 8127 | ||
| 008 | 160829s1925 xx 000 0 cat d | ||
| 080 | |a M-3-223 | ||
| 110 | |a Catalunya. |b Mancomunitat. |b Consell Permanent |9 53060 | ||
| 245 | |a Memoria que el Consejo Permanente de la misma remite al Iltre. Sr. Director de Administración, en cumplimiento de lo prevenido en la R. O. de 17 de enero de 1925 | ||
| 260 | |a Barcelona : |b Mancomunitat, |c 1925 | ||
| 300 | |a 221 p. ; |c 27 cm | ||
| 590 | |a Abans del títol: Mancomunidad de Cataluña. | ||
| 590 | |a Hi ha un duplicat amb R. 15948 a: DUP-321 | ||
| 650 | |a Catalunya. Mancomunitat. Consell Permanent |x Memòries |9 20818 | ||
| 710 | 2 | |a Catalunya. |b Mancomunitat |9 53015 | |
| 856 | 4 | |u https://media.diba.cat/diba/fitxers/arxiu/mancomunitat/bib_8127_1925_baixa.pdf |y Accés lliure | |
| 901 | |a Arxiu | ||
| 942 | |n 1 |2 udc | ||
| 952 | |0 0 |1 0 |4 0 |6 M3223 |7 1 |9 41694 |a Arxiu |b Arxiu |d 2016-12-01 |l 0 |o M-3-223 |p 8127 |r 2016-12-01 00:00:00 |w 2016-12-01 |y ARXIU | ||
| 999 | |c 43584 |d 43584 | ||
| 900 | |a bib_8127_1925_baixa.pdf | ||